Súbor uskutočnených umeleckých diel v odbore dizajn. Autorský komentár k vybraných dizajnérskym dielam : habilitačná práca

Salvato in:
Dettagli Bibliografici
Autore principale: Wohlfahrt, Peter (Autore)
Natura: Libro
Pubblicazione: Bratislava : STU FA, 2007
Tags: Aggiungi Tag
Nessun Tag, puoi essere il primo ad aggiungerne!!

MARC

LEADER 00000nam a22000003a 4500
001 stu196613
005 20150617230026.4
008 091203s2007----------------------------d
040 |a STU  |b slo 
041 0
100 1 |a Wohlfahrt, Peter  |4 aut  |9 100 
245 1 |a Súbor uskutočnených umeleckých diel v odbore dizajn. Autorský komentár k vybraných dizajnérskym dielam :  |b habilitačná práca 
260 |a Bratislava :  |b STU FA,  |c 2007 
300 |a 127 s obr  |c textová časť 
996 |b 284AB00974  |c A*6838 V  |l AAKNST  |s P  |a 0  |w stu196613_0001